| 000 | 00779nam a2200253Ia 4500 | ||
|---|---|---|---|
| 001 | Para_8048 | ||
| 003 | CHAP | ||
| 008 | 220125s9999 xx 000 0 und d | ||
| 010 | _a206892 | ||
| 040 | _cCHAP | ||
| 082 | _aPA-C 595.75 H4 | ||
| 100 |
_aDelong, D.M. _9172066 |
||
| 245 |
_aThe genus lonatura osborn and ball (Homoptera, cicadellidae) / _c by D.M. Delong |
||
| 300 | _a93-102 p. | ||
| 500 | _aSobretiro de: Trans. Am. Ent. Soc. 52: 93-102, 19--. Encuadernado con otros impresos similares | ||
| 650 |
_a _x HemÃpteros _x colecciones de escritos _x Cicadelidos _9172058 |
||
| 901 | _aPA-C 595.75 H4 | ||
| 902 | _aA | ||
| 905 | _a000000 0000000000 00 | ||
| 910 | _a | ||
| 942 | _cPARA | ||
| 942 |
_cPARA _d1 |
||
| 999 |
_c206892 _d206892 |
||